00378nam a2200145Ia 4500008004100000082002200041100002500063245001900088260003000107300000700137600002500144630001900169700002500188730001900213151018s9999 xx 000 0 und d bRBASDV2129a910.9 aof India Government aIndian in Maps bGovernment of Indiac1946 a55 aof India Government aIndian in Maps aof India Government aIndian in Maps